Most Populous Manhattan Neighborhoods - Statistics

General Stats
  • This quiz has been taken 103 times
  • The average score is 8 of 15
Answer Stats
Population Neighborhood % Correct
229,688 Upper East Side
94%
209,084 Upper West Side
92%
335,109 Harlem
90%
391,371 Midtown
78%
100,000 Chinatown
77%
158,318 Washington Heights
65%
115,921 East Harlem
60%
62,832 East Village
58%
60,976 Financial District
57%
55,929 Morningside Heights
41%
63,347 Alphabet City
30%
48,520 Hamilton Heights
11%
382,654 Lower Manhattan
10%
61,489 Lincoln Square
7%
72,957 Lower East Village
0%
No matching quizzes found
Score Distribution
Percent of People with Each Score
Percentile by Number Answered
Your Score History
You have not taken this quiz